00579nam a2200157Ia 4500008004100000082001900041100003700060245002300097260006200120300001000182630001800192650006800210942000900278952011700287999001700404211109s9999||||xx |||||||||||||| ||und|| a891.434bNIR-H aNirmala Jain And Nity Ahand Ji,  0aHindi Upanyas 1950 bRajkamal Prakashan Pvt Ltd DelhiaOxford City Pressc1900 a112p. xGeneral stack aHindi literaturevHindi fictionxLiterature & rhetoricGeneralia cBOOK 00104070aSBCLbSBCLc2d2021-11-09g100.00l0o891.434 NIR-Hp00093594r2021-11-09 00:00:00w2021-11-09yBOOK c51381d51381